| 000 | 00605nam a2200193 i 4500 | ||
|---|---|---|---|
| 001 | bgj | ||
| 100 | 1 | _aTURNER, William | |
| 245 | 1 | 0 |
_aThe Essentials of United States History : _bWorld War I, the depression and the new deal 1912 to 1941 / _cWilliam Turner. |
| 250 | _a[Rev. print.]. | ||
| 260 |
_aPiscataway, NJ : _bResearch and Education Association, _c1992. |
||
| 651 | 9 |
_aUnited States _xHistory _y1912-1941 |
|
| 655 | _aOutlines, syllabi, etc. | ||
| 020 | _a0878917160 | ||
| 040 | _cBPK | ||
| 041 | 0 | _aeng | |
| 920 | _a087891-716-0 | ||
| 942 | _cKS | ||
| 008 | s uk f |000 0 eng | ||
| 999 |
_c47863 _d47863 |
||
| 856 |
_uhttp://koha.tu.koszalin.pl/cgi-bin/koha/opac-detail.pl?biblionumber=47863 _yKatalog online BPK |
||